Precálculo. Algebra y trigonometría con geometría analítica.
Na minha lista:
| Autor principal: | |
|---|---|
| Outros Autores: | , |
| Formato: | Desconhecido |
| Idioma: | inglês |
| Publicado em: |
Ciudad de México, México:
Cengage Learning,
2018
|
| Edição: | Primera edición. |
| Assuntos: | |
| Tags: |
Adicionar Tag
Sem tags, seja o primeiro a adicionar uma tag!
|
MARC
| LEADER | 00000 a2200000 4500 | ||
|---|---|---|---|
| 003 | CL-VaPUC | ||
| 005 | 20250506140653.0 | ||
| 008 | 220429b2018 ||||| |||| 00| 0 eng d | ||
| 999 | |c 434901 |d 434899 | ||
| 020 | |a 9786075265469 | ||
| 040 | |c Pontificia Universidad Católica de Valparaíso | ||
| 082 | 7 | |a 512 SWO 2018 |2 22 | |
| 100 | |a Swokowski, Earl William |9 298573 |e autor | ||
| 245 | |a Precálculo. |b Algebra y trigonometría con geometría analítica. | ||
| 250 | |a Primera edición. | ||
| 260 | |a Ciudad de México, México: |b Cengage Learning, |c 2018 | ||
| 300 | |a 787 páginas | ||
| 583 | |k GC |c 20220429 | ||
| 650 | 0 | |a Álgebra |9 259567 | |
| 650 | 0 | |a Precálculo |9 879842 | |
| 650 | 0 | |a Trigonometría |9 259568 | |
| 650 | 0 | |a Geometría analítica |9 260062 | |
| 700 | |a Cole, Jeffery A. |e autor |9 868856 | ||
| 700 | |a Carril Villarreal, María del Pilar |e traductora |9 868857 | ||
| 942 | |2 ddc |c BK | ||
| 952 | |0 0 |1 0 |2 ddc |4 0 |6 512_000000000000000_SWO_2018 |7 0 |8 A |9 582796 |a BIBMAT |b BIBMAT |c GEN |d 2022-04-29 |e 74 |g 76671.00 |i 5650984 |l 9 |m 5 |o 512 SWO 2018 |p 5650984 |q 2025-05-12 |r 2025-04-28 |s 2025-04-28 |t 2 |v 76671.00 |w 2022-04-29 |y BK |k MAT | ||
| 952 | |0 0 |1 0 |2 ddc |4 0 |6 512_000000000000000_SWO_2018 |7 0 |8 A |9 582797 |a BIBMAT |b BIBMAT |c GEN |d 2022-04-29 |e 74 |g 76671.00 |i 5650983 |l 9 |m 8 |o 512 SWO 2018 |p 5650983 |q 2025-05-22 |r 2025-04-08 |s 2025-04-08 |t 1 |v 76671.00 |w 2022-04-29 |y BK |k MAT | ||